FICG 33 : Festival Internacional de Cine en Guadalajara México : marzo 9 – 16, 2018 : catálogo = FICG 33 : Guadalajara Film Festival México : Catalogue /

Na minha lista:
Detalhes bibliográficos
Autor Corporativo: Festival Internacional de Cine en Guadalajara ( Guadalajara, México)
Formato: Procedimiento de la conferencia Livro
Idioma:espanhol
Publicado em: Guadalajara, México : Festival Internacional de Cine en Guadalajara, 2018
Assuntos:
Tags: Adicionar Tag
Sem tags, seja o primeiro a adicionar uma tag!

MARC

LEADER 00000nam^a2200000^a^4500
001 000629109
005 20260306000000.0
009 20260407175340.228
037 |a Acervo ITESO - Biblioteca 
041 |a ESP 
082 |a 302. 23550972352  |b FICG 2018 
111 |a Festival Internacional de Cine en Guadalajara (  |n 33° :  |d 2018 :  |c Guadalajara, México) 
240 1 1 |a [FICG] 
240 1 1 |a [FICG: catálogos] 
240 1 1 |a [FICG 33] 
240 1 1 |a [Festival Internacional de Cine en Guadalajara] 
240 1 1 |a [Festival Internacional de Cine en Guadalajara: catálogos] 
240 1 1 |a [Festival Internacional de Cine en Guadalajara 2018] 
245 1 0 |a FICG 33 :  |b Festival Internacional de Cine en Guadalajara México : marzo 9 – 16, 2018 : catálogo = FICG 33 : Guadalajara Film Festival México : Catalogue / 
264 1 |a Guadalajara, México :  |b Festival Internacional de Cine en Guadalajara,  |c 2018 
300 |a 397 p. ;  |c 22.0 cm. 
336 |a texto  |b txt  |2 rdacontenido 
337 |a sin mediación  |b n  |2 rdamedio 
338 |a volumen  |b nc  |2 rdasoporte 
546 |a Edición bilingüe español-inglés 
585 |a Festival Internacional de Cine en Guadalajara (33°: 2018) 
649 |a XX 
650 |a Actores Mexicanos -  |x Homenajes 
650 |a Cineastas Catalanes -  |x Homenajes 
650 |a Cineastas Españoles -  |x Homenajes 
650 |a Cineastas Mexicanos -  |x Homenajes 
650 |a Cineastas Suecos -  |x Homenajes 
650 |a Cortometrajes y Mediometrajes Mexicanos -  |x Ciclos y Retrospectivas 
650 |a Cortometrajes y Mediometrajes Catalanes -  |x Ciclos y Retrospectivas 
650 |a Cortometrajes y Mediometrajes Españoles -  |x Ciclos y Retrospectivas 
650 |a Melodramas -  |z México -  |x Ciclos y Retrospectivas 
650 |a Cine Fantástico -  |z España -  |x Ciclos y Retrospectivas 
650 |a Películas Infantiles -  |z Iberoamérica -  |x Ciclos y Retrospectivas 
650 |a Cocina en el Cine -  |x Ciclos y Retrospectivas 
650 |a Integración Social en el Cine -  |x Ciclos y Retrospectivas 
650 |a Medio Ambiente en el Cine -  |x Ciclos y Retrospectivas 
650 |a Música en el Cine -  |x Ciclos y Retrospectivas 
650 |a Cine Gay y Lésbico -  |x Festivales -  |x Catálogos 
650 |a Cine Gay y Lésbico -  |x Ciclos y Retrospectivas 
650 |a Cine Gay y Lésbico -  |x Historia y Crítica 
650 |a Cine Jalisciense -  |x Ciclos y Retrospectivas 
650 |a Cine Mexicano -  |x Festivales -  |x Catálogos -  |x Tema Principal 
650 |a Cine Mexicano -  |x Ciclos y Retrospectivas 
650 |a Cine Mexicano -  |x Historia y Crítica 
650 |a Cine Mexicano -  |y 2010-2019 
650 |a Cine Mexicano -  |y Siglo XXI 
650 |a Cine Catalán -  |x Ciclos y Retrospectivas 
650 |a Cine Español -  |x Ciclos y Retrospectivas 
650 |a Cine Iberoamericano -  |x Festivales -  |x Catálogos -  |x Tema Principal 
650 |a Cine Iberoamericano -  |x Historia y Crítica 
650 |a Cine Iberoamericano -  |y 2010-2019 
650 |a Cine Iberoamericano -  |y Siglo XXI 
650 |a Cine -  |z Guadalajara, Jalisco -  |x Festivales -  |x Catálogos -  |x Tema Principal 
650 |a Cine -  |z México -  |x Festivales -  |x Catálogos 
650 |a Cine -  |x Festivales -  |x Catálogos 
650 |a Lust, Erika 
650 |a Pons, Ventura 
650 |a Ruiz, José Carlos 
650 |a Saura, Carlos 
650 |a Toro, Guillermo del 
910 |a Fondo General 
920 |a Impresos - Libros 
930 |a Libros Antiguos y Raros 
905 |a 108 
901 |a 629109-10  |b IT2  |c LRA  |i D131655  |u 20260306 
902 |a https://opac.biblio.iteso.mx/vufind/Record/000629109